000 01114nam1a22002531i 4500
001 rc\3240147
005 20240921125144.0
035 _a(NLR Aleph) 007475323
090 _a7458717
_c7458717
100 _a20130115g1972 |||y0rusy50 ca
101 0 _arus
102 _aRU
105 _ay z |||||
200 1 _aМатематическое обеспечение
_eОперационная система ИПМ "БЭСМ-6"
_eТ. 1-
_fАН СССР. Ин-т прикл. математики. Отд. автоматизации программирования
210 _aМосква
_cБ. и.
_d1972-
215 _d20
225 1 _aСерия "Техническое описание супервайзера"
606 _aЦифровые вычислительные машины
_xМатематическое обеспечение
_2psbo
700 1 _7ca
_8rus
_aЗадыхайло
_bИ. Б.
_f1931-1998
_gИгорь Борисович
_9196146
_3RU\NLR\AUTH\770196197
701 1 _aПоздняков
_bЛ.А.
801 0 _aRU
_bNLR
_gpsbo
801 1 _aRU
_bELAR
_2rusmarc
852 _aNLR
_j73-4/1777
942 _cBOOK